00459nam a2200205Ia 4500003000900000008004100009040001300050040001300063041000800076100001600084245001700100250001300117260001500130260000900145300001100154300000800165490004100173490000800214700003100222IT-RoPAU120407s9999 xx 000 0 und d aIT-RoPAU cIT-RoPAU aita aKarl Rahner aLa Trinità€ aBrescia  aQueriniana c1998 a135 p. c cm aBiblioteca di Teologia contemporanea v102 cCatherine Mowry La Cugna